000 00824pam a2200253 i 4500
999 _c19187
_d19187
001 863832
005 20170114155212.0
008 790629s1980 mau 000 0 eng
010 _a 79009465
020 _a0843607793 :
040 _aDLC
_cDLC
_dDLC
050 0 0 _aLC 6519 .C66
100 1 _aCooper, Susan,
_d1947-
245 1 0 _aPreparing, designing, & leading workshops :
_ba humanistic approach /
_cSusan Cooper, Cathy Heenan.
260 _aBoston :
_bCBI Pub. Co.,
_cc1980.
300 _axii, 112 p. :
_bdiagrs. ;
_c24 cm.
650 0 _aForums (Discussion and debate)
650 0 _aLeadership.
650 0 _aMeetings.
700 1 _aHeenan, Cathy,
_d1945-
_ejoint author.
942 _2lcc
_cBOOKS
_hLC 6519 .C66